000 00392nam a2200133Ia 4500
005 20260326235501.0
008 260326s9999||||xx |||||||||||||| ||und||
100 _aTaylor, John S.
245 0 _aCommonsense Architecture :
_b A cross-Cultural survey of practical Design principles /
_cJohn S. Taylor
260 _bNorton
300 _a160 p.
650 _aARQUITECTURA VERNACULAR
942 _cBK
999 _c8071
_d8071